MLB Top 5 NL MVP Voting 1930s - Statistics

General Stats
  • This quiz has been taken 23 times
  • The average score is 25 of 45
Answer Stats
Year Team Player % Correct
1934: 1 Cardinals Dizzy Dean
100%
1935: 2 Cardinals Dizzy Dean
100%
1936: 2 Cardinals Dizzy Dean
100%
1933: 1 Giants Carl Hubbell
89%
1936: 1 Giants Carl Hubbell
89%
1937: 3 Giants Carl Hubbell
89%
1934: 5 Giants Mel Ott
83%
1938: 4 Giants Mel Ott
83%
1931: 2 Phillies Chuck Klein
78%
1932: 1 Phillies Chuck Klein
78%
1933: 2 Phillies Chuck Klein
78%
1931: 1 Cardinals Frankie Frisch
78%
1935: 3 Pirates Arky Vaughan
72%
1938: 3 Pirates Arky Vaughan
72%
1931: 3 Giants Bill Terry
72%
1933: 4 Giants Bill Terry
72%
1935: 5 Cardinals Joe Medwick
72%
1936: 4 Cardinals Joe Medwick
72%
1937: 1 Cardinals Joe Medwick
72%
1932: 4 Pirates Paul Waner
67%
1934: 2 Pirates Paul Waner
67%
1936: 5 Pirates Paul Waner
67%
1935: 4 Cubs Billy Herman
61%
1936: 3 Cubs Billy Herman
61%
1938: 1 Reds Ernie Lombardi
61%
1935: 1 Cubs Gabby Hartnett
61%
1937: 2 Cubs Gabby Hartnett
61%
1939: 2 Cardinals Johnny Mize
56%
1933: 3 Braves Wally Berger
44%
1939: 1 Reds Bucky Walters
39%
1938: 5 Reds Frank McCormick
39%
1939: 4 Reds Frank McCormick
39%
1932: 3 Dodgers Lefty O'Doul
33%
1933: 5 Cardinals Pepper Martin
33%
1934: 4 Giants Travis Jackson
33%
1939: 3 Reds Paul Derringer
28%
1931: 5 Cardinals Chick Hafey
22%
1934: 3 Giants Jo-Jo Moore
22%
1932: 2 Cubs Lon Warneke
22%
1932: 5 Cubs Riggs Stephenson
22%
1937: 4 Bees Jim Turner
17%
1931: 4 Cubs Woody English
17%
1938: 2 Cubs Bill Lee
6%
1939: 5 Cardinals Curt Davis
6%
1937: 5 Bees Lou Fette
6%
No matching quizzes found
Score Distribution
Percent of People with Each Score
Percentile by Number Answered
Your Score History
You have not taken this quiz